| 000 | 00000nam##2200000za#4500 |
| 001 | 9.566421 |
| 003 | CaOODSP |
| 005 | 20210624180300 |
| 007 | cr ||||||||||| |
| 008 | 150406|2005||||xxc|||||o f|0| 0 eng|d |
| 040 | |aCaOODSP|beng |
| 043 | |an-cn--- |
| 086 | 1 |aTU3-5/05-9E-PDF |
| 110 | 2 |aTransportation Safety Board of Canada. |
| 245 | 10|aPower loss - Robinson R22 Beta Helicopter C-FQDQ, Courtenay, British Columbia, 10 nm N, 24 June 2005 |h[electronic resource] |
| 260 | |aGatineau - Quebec : |bTransportation Safety Board of Canada |c[2005]. |
| 300 | |a7p.|billus., references |
| 490 | 1 |aAviation investigation report |vA05P0154 |
| 590 | |a10-05-Supp|b2010-07-20 |
| 690 | 07|aAircraft accidents|2gcpds |
| 775 | 08|tPerte de puissance de l'hélicoptère Robinson R22 Beta C-FQDQ à 10 nm au nord de Courtenay (Colombie-Britannique), le 24 juin 2005 |w(CaOODSP)9.597910 |
| 830 | #0|aAviation investigation report ;|vA05P0154|w(CaOODSP)9.504825 |
| 856 | 40|ahttp://publications.gc.ca|qPDF|s96 KB|uhttps://publications.gc.ca/collections/collection_2009/bst-tsb/TU3-5-05-9E.pdf|yA05P0154 |